Das Glasperlenspiel / (Record n. 358063)
[ formato base ]
| 000 -LEADER | |
|---|---|
| fixed length control field | 01430nam a22002177a 4500 |
| 003 - CONTROL NUMBER IDENTIFIER | |
| control field | IT-MiSPE |
| 005 - DATE AND TIME OF LATEST TRANSACTION | |
| control field | 20181114165830.0 |
| 008 - FIXED-LENGTH DATA ELEMENTS--GENERAL INFORMATION | |
| fixed length control field | 181114b ||||| |||| 00| 0 eng d |
| 020 ## - INTERNATIONAL STANDARD BOOK NUMBER | |
| International Standard Book Number | 3518390724 |
| Terms of availability | 24.80 DEM |
| 040 ## - CATALOGING SOURCE | |
| Original cataloging agency | IT-MiSPE |
| Language of cataloging | ita |
| Transcribing agency | IT-MiSPE |
| Modifying agency | IT-MiSPE |
| 082 ## - DEWEY DECIMAL CLASSIFICATION NUMBER | |
| Classification number | 833-HES he gl (23206) |
| 100 ## - MAIN ENTRY--PERSONAL NAME | |
| Personal name | Hesse, Hermann, |
| Titles and words associated with a name | Premio Nobel (1946). |
| Dates associated with a name | 1877-1962. |
| Relator term | autore |
| 9 (RLIN) | 57502 |
| 240 ## - UNIFORM TITLE | |
| Uniform title | Das Glasperlenspiel / Versuch einer Lebensbeschreibung des Magister Ludi Josepf Knecht samt Knechts hinterlassenen Schriften |
| Language of a work | ger |
| 245 ## - TITLE STATEMENT | |
| Title | Das Glasperlenspiel / |
| Remainder of title | Versuch einer Lebensbeschreibung des Magister Ludi Josepf Knecht samt Knechts hinterlassenen Schriften |
| 260 ## - PUBLICATION, DISTRIBUTION, ETC. (IMPRINT) | |
| Place of publication, distribution, etc. | Frankfurt am Main : |
| Name of publisher, distributor, etc. | Suhrkamp. |
| Date of publication, distribution, etc. | 1996. |
| 300 ## - PHYSICAL DESCRIPTION | |
| Extent | 608 p. ; |
| Dimensions | 19 cm |
| 490 ## - SERIES STATEMENT | |
| Series statement | Suhrkamp Taschenbuch |
| 520 ## - SUMMARY, ETC. | |
| Summary, etc. | Il romanzo tratta di un ordine composto di soli intellettuali e collocato nella immaginaria regione di "Castalia", in un futuro remoto. La voce narrante del romanzo è uno storico dell'epoca. Nella narrazione compaiono solo riferimenti vaghi al mondo di oggi, in genere rappresentato come un passato intellettualmente oscuro e decadente (l'Era del feuilleton). La vita dei monaci del romanzo, e i cerimoniali che osservano, è caratterizzata da una commistione di elementi della ritualità occidentale e orientale. |
| 655 ## - INDEX TERM--GENRE/FORM | |
| Genre/form data or focus term | Lingua e letteratura tedesca |
| General subdivision | Vari altri autori: opere originali e studi |
| 9 (RLIN) | 57384 |
| 942 ## - ADDED ENTRY ELEMENTS (KOHA) | |
| Source of classification or shelving scheme | Dewey Decimal Classification |
| Koha item type | LIBRO |
| Withdrawn status | Lost status | Source of classification or shelving scheme | Damaged status | Not for loan | Home library | Current library | Date acquired | Total Checkouts | Full call number | Barcode | Date last seen | Price effective from | Koha item type |
|---|---|---|---|---|---|---|---|---|---|---|---|---|---|
| Dewey Decimal Classification | Buone Condizioni | Not For Loan | CINISELLO | CINISELLO | 14/11/2018 | 833-HES he gl (23206) | 9783518390724 | 14/11/2018 | 14/11/2018 | LIBRO |